| 000 | 00610nam a22001937a 4500 | ||
|---|---|---|---|
| 999 |
_c21020 _d21020 |
||
| 003 | AR-CdUCM | ||
| 008 | 190724b ||||| |||| 00| 0 spa d | ||
| 040 |
_aMUNICIPALIDAD PROVINCIAL DEL CUSCO _cBIBLIOTECA MUNICIPAL DEL CUSCO |
||
| 082 |
_a376 / _bED25 |
||
| 110 |
_aCEDEE-CELADEC _943809 |
||
| 245 | _aLa educación popular con mujeres en América Latina / | ||
| 260 |
_aSanto Domingo : _bArtes gráficas profesionales, _c1981. |
||
| 300 |
_a40 páginas ; _bilustraciones ; _c21 cm. |
||
| 650 |
_aEducación _9460 |
||
| 650 |
_aMujer _9143 |
||
| 650 |
_aGenero _91111 |
||
| 942 |
_2ddc _cLIBROS |
||
| 945 | _azta | ||